000 01416cam a2200313 a 4500
001 17104694
003 ARRUPE
005 20150818020026.0
008 120104s2012 nyu b 001 0 eng
010 _a 2011052182
020 _a9780374203030 (hbk.)
020 _a0374203032 (hbk.)
035 _a(OCoLC)ocn740628855
040 _aDLC
_beng
_cDLC
_dIG#
_dBTCTA
_dYDXCP
_dBDX
_dUPZ
_dJTH
_dBUR
_dBWX
_dDLC
050 0 0 _aHB72
_b.S265 2012
100 1 _aSandel, Michael J.
_9964
245 1 0 _aWhat money can't buy :
_bthe moral limits of markets /
_cMichael J. Sandel.
250 _a1st ed.
260 _aNew York :
_bFarrar, Straus and Giroux,
_c2012.
300 _a244 p. ;
_c24 cm.
520 _aSandel argues that we have drifted from having a market economy to being a market society and examines one of the biggest ethical questions of our time: What is the proper role of markets in a democratic society, and how can we protect the moral and civic goods that markets do not honor and money cannot buy?
650 0 _aEconomics
_xMoral and ethical aspects.
_9965
650 0 _aCapitalism
_xMoral and ethical aspects.
_9966
650 0 _aWealth
_xMoral and ethical aspects.
_9967
650 0 _aValue.
_9968
906 _a7
_bcbc
_corignew
_d1
_eecip
_f20
_gy-gencatlg
942 _2lcc
_cMONOGRAPH
_07
999 _c117966
_d117966